[Event "Athens PAO CC-ch 16th"]
[Site "Athens"]
[Date "2024.01.19"]
[Round "1"]
[White "Ntaifas, Ioannis"]
[Black "Kafousopoulos, Fotios"]
[Result "1-0"]
[WhiteElo "1645"]
[BlackElo "1125"]
[PlyCount "49"]
[EventDate "2024.01.19"]
[EventType "swiss"]
[EventRounds "7"]
[EventCountry "GRE"]
[SourceTitle "CB16_2024"]
[SourceDate "2024.04.17"]
[SourceVersion "1"]
[SourceVersionDate "2024.04.17"]
[SourceQuality "1"]

1. e4 d6 2. d4 Nf6 3. Nc3 c6 4. f4 Qa5 5. Bd3 g6 6. Nf3 Bg7 7. 0-0 0-0 8. Kh1 Re8 9. Qe1 Qc7 10. Qh4 h5 11. h3 Nbd7 12. e5 dxe5 13. fxe5 Nd5 14. Nxd5 cxd5 15. Ng5 Rf8 16. e6 fxe6 17. Rxf8+ Nxf8 18. Bf4 e5 19. dxe5 Bxe5 20. Bxe5 Qxe5 21. Rf1 Be6 22. Bxg6 Nxg6 23. Qxh5 Nf8 24. Rxf8+ Kxf8 25. Nh7+ 1-0